| 000 | 00558nam a2200193 a 4500 | ||
|---|---|---|---|
| 001 | 1639 | ||
| 003 | CDMR | ||
| 005 | 20131125121854.0 | ||
| 008 | 130130s1974||||||||||||||||||||||||||||d | ||
| 040 |
_aCDMR _bcat _cCDMR |
||
| 100 | 1 |
_aSobrao, Francisco _91238 |
|
| 245 | 1 | 0 |
_aInformación y derecho de réplica _cFrancisco Sobrao Martínez |
| 260 |
_aMadrid _c1974 _bNacional |
||
| 300 | _a218 p. | ||
| 490 | 0 | _aMundos Abiertos | |
| 650 | 0 | 4 |
_94370 _aDret de rectificació |
| 650 | 0 | 4 |
_93370 _aMitjans de comunicació de massa _xDret i legislació |
| 942 |
_cMON _2udc |
||
| 999 |
_c1639 _d1639 |
||